Statistiken für Alle Städte und Gemeinden in Hessen

Klicken Sie hier um das Quiz zu spielen!

Allgemein

  • Dieses Quiz wurde 2.870 mal gespielt
    (585 seit der letzten Aktualisierung)
  • Das Durchschnittsergebnis liegt bei 139 aus 421

Antworten auf der Karte

Die Antworten werden auf der Karte rot bzw. grün angezeigt, abhängig davon wie oft sie richtig erraten wurden.
 

Antwortstatistiken

KreisEinwohnerGemeinde% Korrekt
Kreisfreie Städte763.380Frankfurt am Main
96%
Kreisfreie Städte159.878Darmstadt
94%
Kreisfreie Städte278.474Wiesbaden
94%
Kreisfreie Städte202.137Kassel
93%
Kreisfreie Städte130.280Offenbach am Main
92%
Fulda68.635Fulda
89%
Marburg-Biedenkopf77.129Marburg
88%
Gießen89.802Gießen
87%
Main-Kinzig-Kreis96.492Hanau
83%
Limburg-Weilburg35.514Limburg an der Lahn
81%
Hochtaunuskreis54.227Bad Homburg vor der Höhe
75%
Lahn-Dill-Kreis52.955Wetzlar
73%
Groß-Gerau25.559Groß-Gerau
72%
Groß-Gerau65.881Rüsselsheim am Main
72%
Hersfeld-Rotenburg29.944Bad Hersfeld
71%
Darmstadt-Dieburg15.566Dieburg
67%
Waldeck-Frankenberg17.689Frankenberg
66%
Wetteraukreis29.401Friedberg
66%
Waldeck-Frankenberg6.742Waldeck
64%
Limburg-Weilburg12.973Weilburg
64%
Bergstraße26.097Heppenheim
63%
Hersfeld-Rotenburg14.555Rotenburg an der Fulda
63%
Offenbach38.229Langen
62%
Wetteraukreis32.447Bad Nauheim
61%
Wetteraukreis26.432Butzbach
61%
Schwalm-Eder-Kreis14.001Homberg
60%
Vogelsbergkreis7.427Homberg
60%
Wetteraukreis34.216Bad Vilbel
59%
Offenbach42.102Dreieich
59%
Main-Kinzig-Kreis23.202Gelnhausen
59%
Main-Kinzig-Kreis39.553Maintal
59%
Odenwaldkreis9.759Bad König
58%
Main-Kinzig-Kreis13.439Bad Soden-Salmünster
58%
Kassel27.755Baunatal
58%
Marburg-Biedenkopf13.588Biedenkopf
58%
Main-Taunus-Kreis39.647Hofheim am Taunus
58%
Offenbach38.105Neu-Isenburg
58%
Offenbach45.719Rodgau
58%
Main-Taunus-Kreis22.855Bad Soden am Taunus
57%
Waldeck-Frankenberg23.458Korbach
57%
Rheingau-Taunus-Kreis9.949Rüdesheim am Rhein
57%
Rheingau-Taunus-Kreis30.050Taunusstein
57%
Schwalm-Eder-Kreis14.733Fritzlar
56%
Vogelsbergkreis16.037Alsfeld
54%
Hersfeld-Rotenburg13.934Bebra
54%
Wetteraukreis17.203Nidda
54%
Schwalm-Eder-Kreis18.019Schwalmstadt
54%
Lahn-Dill-Kreis23.209Dillenburg
53%
Hochtaunuskreis16.722Königstein im Taunus
53%
Groß-Gerau34.891Mörfelden-Walldorf
53%
Marburg-Biedenkopf9.945Neustadt
53%
Werra-Meißner-Kreis8.631Bad Sooden-Allendorf
52%
Offenbach34.298Dietzenbach
52%
Werra-Meißner-Kreis19.412Eschwege
52%
Main-Kinzig-Kreis10.172Bad Orb
51%
Waldeck-Frankenberg17.264Bad Wildungen
51%
Bergstraße40.756Bensheim
51%
Rheingau-Taunus-Kreis16.971Eltville am Rhein
51%
Main-Taunus-Kreis21.609Eschborn
51%
Rheingau-Taunus-Kreis24.997Idstein
51%
Groß-Gerau17.029Kelsterbach
51%
Hochtaunuskreis46.545Oberursel
51%
Darmstadt-Dieburg26.052Weiterstadt
51%
Waldeck-Frankenberg6.096Willingen
51%
Lahn-Dill-Kreis20.543Herborn
50%
Vogelsbergkreis13.612Lauterbach
50%
Gießen13.795Lich
50%
Bergstraße13.703Lorsch
50%
Schwalm-Eder-Kreis13.689Melsungen
50%
Offenbach28.652Mühlheim am Main
50%
Offenbach28.249Rödermark
50%
Marburg-Biedenkopf8.803Wetter
50%
Odenwaldkreis13.697Erbach
49%
Darmstadt-Dieburg27.473Griesheim
49%
Main-Taunus-Kreis17.945Hochheim am Main
49%
Hochtaunuskreis18.255Kronberg im Taunus
49%
Darmstadt-Dieburg25.096Pfungstadt
49%
Main-Kinzig-Kreis9.882Linsengericht
48%
Odenwaldkreis16.007Michelstadt
48%
Offenbach21.267Seligenstadt
48%
Marburg-Biedenkopf21.391Stadtallendorf
48%
Werra-Meißner-Kreis15.126Witzenhausen
48%
Wetteraukreis22.436Büdingen
47%
Main-Taunus-Kreis29.075Kelkheim
47%
Bergstraße34.315Viernheim
47%
Hochtaunuskreis25.234Friedrichsdorf
46%
Lahn-Dill-Kreis19.382Haiger
46%
Kassel15.268Hofgeismar
46%
Gießen13.091Linden
46%
Waldeck-Frankenberg15.382Bad Arolsen
45%
Main-Taunus-Kreis21.659Flörsheim am Main
45%
Kassel12.341Fuldatal
45%
Darmstadt-Dieburg21.251Groß-Umstadt
45%
Main-Taunus-Kreis27.674Hattersheim am Main
45%
Main-Kinzig-Kreis20.601Nidderau
45%
Main-Kinzig-Kreis15.894Schlüchtern
45%
Waldeck-Frankenberg6.210Edertal
44%
Groß-Gerau16.854Ginsheim-Gustavsburg
44%
Offenbach18.956Heusenstamm
44%
Odenwaldkreis10.199Höchst im Odenwald
44%
Groß-Gerau23.801Riedstadt
44%
Gießen4.067Allendorf
43%
Waldeck-Frankenberg7.508Allendorf
43%
Werra-Meißner-Kreis12.431Hessisch Lichtenau
43%
Fulda16.616Hünfeld
43%
Wetteraukreis22.436Karben
43%
Rheingau-Taunus-Kreis3.798Lorch
43%
Groß-Gerau16.312Raunheim
43%
Vogelsbergkreis9.702Schlitz
43%
Lahn-Dill-Kreis13.672Solms
43%
Kassel18.207Vellmar
43%
Lahn-Dill-Kreis10.934Braunfels
42%
Marburg-Biedenkopf6.666Cölbe
42%
Waldeck-Frankenberg5.203Diemelstadt
42%
Main-Kinzig-Kreis14.348Freigericht
42%
Limburg-Weilburg12.528Hadamar
42%
Gießen12.596Hungen
42%
Bergstraße32.598Lampertheim
42%
Main-Kinzig-Kreis14.127Langenselbold
42%
Groß-Gerau10.679Nauheim
42%
Darmstadt-Dieburg16.462Seeheim-Jugenheim
42%
Bergstraße9.110Biblis
41%
Kassel12.503Kaufungen
41%
Wetteraukreis9.828Niddatal
41%
Lahn-Dill-Kreis6.367Sinn
41%
Main-Kinzig-Kreis12.640Wächtersbach
41%
Kassel3.644Bad Karlshafen
40%
Groß-Gerau10.558Gernsheim
40%
Gießen11.690Langgöns
40%
Odenwaldkreis10.194Oberzent
40%
Rheingau-Taunus-Kreis11.849Oestrich-Winkel
40%
Vogelsbergkreis10.073Schotten
40%
Groß-Gerau13.338Trebur
40%
Lahn-Dill-Kreis13.682Aßlar
39%
Rheingau-Taunus-Kreis11.191Bad Schwalbach
39%
Schwalm-Eder-Kreis12.610Borken
39%
Waldeck-Frankenberg4.709Diemelsee
39%
Bergstraße10.568Fürth
39%
Rheingau-Taunus-Kreis11.634Geisenheim
39%
Waldeck-Frankenberg3.830Gemünden
39%
Vogelsbergkreis2.715Gemünden
39%
Gießen13.612Grünberg
39%
Darmstadt-Dieburg16.940Babenhausen
38%
Limburg-Weilburg14.221Bad Camberg
38%
Kassel5.114Habichtswald
38%
Marburg-Biedenkopf6.905Lahntal
38%
Darmstadt-Dieburg14.689Münster
38%
Schwalm-Eder-Kreis6.946Neukirchen
38%
Offenbach24.982Obertshausen
38%
Limburg-Weilburg9.343Runkel
38%
Bergstraße10.593Wald-Michelbach
38%
Kassel5.144Wesertal
38%
Schwalm-Eder-Kreis5.358Guxhagen
37%
Werra-Meißner-Kreis2.790Herleshausen
37%
Werra-Meißner-Kreis2.943Meißner
37%
Vogelsbergkreis9.400Mücke
37%
Hersfeld-Rotenburg5.333Niederaula
37%
Darmstadt-Dieburg15.166Ober-Ramstadt
37%
Wetteraukreis12.565Rosbach vor der Höhe
37%
Kassel8.763Fuldabrück
36%
Main-Taunus-Kreis11.220Kriftel
36%
Offenbach9.364Mainhausen
36%
Schwalm-Eder-Kreis3.208Oberaula
36%
Rheingau-Taunus-Kreis6.461Schlangenbad
36%
Vogelsbergkreis2.789Schwalmtal
36%
Limburg-Weilburg7.946Selters
36%
Main-Kinzig-Kreis8.856Sinntal
36%
Hochtaunuskreis14.743Usingen
36%
Marburg-Biedenkopf5.047Amöneburg
35%
Waldeck-Frankenberg5.325Battenberg
35%
Schwalm-Eder-Kreis7.332Edermünde
35%
Schwalm-Eder-Kreis4.289Knüllwald
35%
Vogelsbergkreis2.627Romrod
35%
Main-Kinzig-Kreis8.288Biebergemünd
34%
Offenbach11.489Egelsbach
34%
Limburg-Weilburg8.004Elz
34%
Main-Kinzig-Kreis2.321Flörsbachtal
34%
Vogelsbergkreis2.381Grebenau
34%
Marburg-Biedenkopf16.290Kirchhain
34%
Lahn-Dill-Kreis5.749Leun
34%
Waldeck-Frankenberg4.100Lichtenfels
34%
Wetteraukreis5.746Ober-Mörlen
34%
Main-Kinzig-Kreis10.190Steinau an der Straße
34%
Lahn-Dill-Kreis4.722Waldsolms
34%
Hersfeld-Rotenburg4.930Wildeck
34%
Groß-Gerau13.160Bischofsheim
33%
Main-Kinzig-Kreis20.471Bruchköbel
33%
Lahn-Dill-Kreis9.325Ehringshausen
33%
Main-Taunus-Kreis13.692Eppstein
33%
Gießen6.911Fernwald
33%
Lahn-Dill-Kreis8.244Lahnau
33%
Bergstraße7.157Lautertal
33%
Vogelsbergkreis2.296Lautertal
33%
Gießen10.309Lollar
33%
Main-Taunus-Kreis15.300Schwalbach am Taunus
33%
Werra-Meißner-Kreis7.826Sontra
33%
Waldeck-Frankenberg6.746Volkmarsen
33%
Bergstraße16.453Bürstadt
32%
Kassel7.568Calden
32%
Kassel5.026Naumburg
32%
Hochtaunuskreis10.665Steinbach
32%
Marburg-Biedenkopf12.264Gladenbach
31%
Werra-Meißner-Kreis6.408Großalmerode
31%
Main-Kinzig-Kreis7.521Großkrotzenburg
31%
Offenbach14.401Hainburg
31%
Marburg-Biedenkopf3.301Münchhausen
31%
Groß-Gerau14.829Büttelborn
30%
Vogelsbergkreis4.640Grebenhain
30%
Darmstadt-Dieburg14.622Groß-Zimmern
30%
Limburg-Weilburg9.661Hünfelden
30%
Hersfeld-Rotenburg3.546Kirchheim
30%
Wetteraukreis5.777Münzenberg
30%
Gießen18.138Pohlheim
30%
Groß-Gerau6.051Stockstadt am Rhein
30%
Hochtaunuskreis5.325Glashütten
29%
Kassel13.022Wolfhagen
29%
Marburg-Biedenkopf11.407Dautphetal
28%
Main-Kinzig-Kreis15.187Erlensee
28%
Wetteraukreis8.799Florstadt
28%
Waldeck-Frankenberg4.222Twistetal
28%
Schwalm-Eder-Kreis7.303Wabern
28%
Rheingau-Taunus-Kreis5.522Walluf
28%
Marburg-Biedenkopf7.167Weimar
28%
Lahn-Dill-Kreis10.840Hüttenberg
27%
Main-Taunus-Kreis8.855Liederbach am Taunus
27%
Odenwaldkreis6.891Lützelbach
27%
Kassel6.572Zierenberg
27%
Bergstraße3.455Hirschhorn
26%
Main-Kinzig-Kreis3.410Jossgrund
26%
Werra-Meißner-Kreis4.568Meinhard
26%
Darmstadt-Dieburg4.090Messel
26%
Fulda2.662Poppenhausen
26%
Main-Kinzig-Kreis11.197Rodenbach
26%
Main-Taunus-Kreis9.027Sulzbach
26%
Lahn-Dill-Kreis5.612Dietzhölztal
25%
Wetteraukreis7.277Gedern
25%
Fulda10.830Neuhof
25%
Kassel4.381Reinhardshagen
25%
Main-Kinzig-Kreis3.434Ronneburg
25%
Fulda4.405Tann
25%
Kassel7.965Ahnatal
24%
Wetteraukreis12.226Altenstadt
24%
Kassel5.926Bad Emstal
24%
Schwalm-Eder-Kreis3.813Bad Zwesten
24%
Fulda5.460Gersfeld
24%
Kassel5.730Grebenstein
24%
Lahn-Dill-Kreis6.566Greifenstein
24%
Main-Kinzig-Kreis14.619Gründau
24%
Schwalm-Eder-Kreis9.710Gudensberg
24%
Rheingau-Taunus-Kreis7.852Heidenrod
24%
Gießen9.598Laubach
24%
Kassel14.220Lohfelden
24%
Kassel2.021Nieste
24%
Kassel11.149Niestetal
24%
Schwalm-Eder-Kreis1.159Schwarzenborn
24%
Kassel4.892Trendelburg
24%
Fulda3.436Bad Salzschlirf
23%
Lahn-Dill-Kreis3.274Bischoffen
23%
Lahn-Dill-Kreis4.684Breitscheid
23%
Fulda11.023Eichenzell
23%
Darmstadt-Dieburg8.070Erzhausen
23%
Schwalm-Eder-Kreis10.669Felsberg
23%
Fulda8.554Flieden
23%
Waldeck-Frankenberg2.902Frankenau
23%
Fulda16.724Künzell
23%
Hochtaunuskreis14.501Neu-Anspach
23%
Fulda16.052Petersberg
23%
Limburg-Weilburg8.649Weilmünster
23%
Hochtaunuskreis6.493Weilrod
23%
Wetteraukreis9.784Wölfersheim
23%
Hersfeld-Rotenburg1.658Breitenbach am Herzberg
22%
Limburg-Weilburg8.394Dornburg
22%
Kassel5.674Helsa
22%
Hersfeld-Rotenburg7.153Heringen
22%
Rheingau-Taunus-Kreis10.479Hünstetten
22%
Wetteraukreis2.733Kefenrod
22%
Kassel3.005Liebenau
22%
Schwalm-Eder-Kreis3.895Malsfeld
22%
Main-Kinzig-Kreis5.419Neuberg
22%
Wetteraukreis8.970Ortenberg
22%
Bergstraße8.610Rimbach
22%
Schwalm-Eder-Kreis6.046Spangenberg
22%
Werra-Meißner-Kreis4.234Waldkappel
22%
Kassel3.521Breuna
21%
Kassel5.158Espenau
21%
Darmstadt-Dieburg2.733Fischbachtal
21%
Wetteraukreis3.034Glauburg
21%
Fulda8.508Großenlüder
21%
Vogelsbergkreis4.692Herbstein
21%
Fulda6.082Hofbieber
21%
Schwalm-Eder-Kreis3.027Körle
21%
Bergstraße3.860Neckarsteinach
21%
Werra-Meißner-Kreis1.818Neu-Eichenberg
21%
Gießen10.248Reiskirchen
21%
Wetteraukreis4.339Rockenberg
21%
Darmstadt-Dieburg12.612Roßdorf
21%
Kassel4.686Söhrewald
21%
Vogelsbergkreis2.946Ulrichstein
21%
Limburg-Weilburg6.702Villmar
21%
Main-Kinzig-Kreis6.198Birstein
20%
Fulda7.021Eiterfeld
20%
Vogelsbergkreis2.405Feldatal
20%
Hersfeld-Rotenburg2.449Friedewald
20%
Fulda4.656Hilders
20%
Lahn-Dill-Kreis4.772Hohenahr
20%
Schwalm-Eder-Kreis2.237Jesberg
20%
Fulda6.378Kalbach
20%
Rheingau-Taunus-Kreis4.087Kiedrich
20%
Lahn-Dill-Kreis4.791Mittenaar
20%
Schwalm-Eder-Kreis3.005Neuental
20%
Rheingau-Taunus-Kreis14.756Niedernhausen
20%
Wetteraukreis5.099Ranstadt
20%
Fulda1.554Rasdorf
20%
Kassel10.456Schauenburg
20%
Lahn-Dill-Kreis6.421Schöffengrund
20%
Waldeck-Frankenberg5.552Vöhl
20%
Werra-Meißner-Kreis4.174Wanfried
20%
Werra-Meißner-Kreis4.960Wehretal
20%
Wetteraukreis6.475Wöllstadt
20%
Bergstraße7.213Zwingenberg
20%
Hersfeld-Rotenburg4.922Alheim
19%
Darmstadt-Dieburg9.089Alsbach-Hähnlein
19%
Vogelsbergkreis1.814Antrifttal
19%
Werra-Meißner-Kreis1.463Berkatal
19%
Fulda6.364Burghaun
19%
Hersfeld-Rotenburg1.323Cornberg
19%
Fulda3.499Dipperz
19%
Fulda4.637Ebersburg
19%
Fulda2.564Ehrenberg
19%
Hersfeld-Rotenburg3.182Hauneck
19%
Hersfeld-Rotenburg2.900Haunetal
19%
Fulda4.653Hosenfeld
19%
Wetteraukreis5.747Limeshain
19%
Hersfeld-Rotenburg5.514Ludwigsau
19%
Schwalm-Eder-Kreis3.214Morschen
19%
Darmstadt-Dieburg13.844Mühltal
19%
Hersfeld-Rotenburg2.566Nentershausen
19%
Hersfeld-Rotenburg3.009Neuenstein
19%
Schwalm-Eder-Kreis5.299Niedenstein
19%
Hersfeld-Rotenburg4.072Philippsthal
19%
Marburg-Biedenkopf4.408Rauschenberg
19%
Hersfeld-Rotenburg2.339Ronshausen
19%
Werra-Meißner-Kreis974Weißenborn
19%
Waldeck-Frankenberg4.919Burgwald
18%
Vogelsbergkreis3.066Freiensteinau
18%
Bergstraße4.110Gorxheimertal
18%
Darmstadt-Dieburg4.656Groß-Bieberau
18%
Main-Kinzig-Kreis7.345Hasselroth
18%
Wetteraukreis2.882Hirzenhain
18%
Hersfeld-Rotenburg3.042Hohenroda
18%
Vogelsbergkreis3.150Kirtorf
18%
Odenwaldkreis2.427Mossautal
18%
Fulda2.832Nüsttal
18%
Schwalm-Eder-Kreis2.128Ottrau
18%
Darmstadt-Dieburg16.416Reinheim
18%
Werra-Meißner-Kreis2.871Ringgau
18%
Darmstadt-Dieburg9.237Schaafheim
18%
Hersfeld-Rotenburg4.348Schenklengsfeld
18%
Schwalm-Eder-Kreis3.024Schrecksbach
18%
Lahn-Dill-Kreis2.549Siegbach
18%
Vogelsbergkreis3.871Wartenberg
18%
Main-Kinzig-Kreis5.068Brachttal
17%
Limburg-Weilburg6.489Brechen
17%
Odenwaldkreis3.121Fränkisch-Crumbach
17%
Schwalm-Eder-Kreis7.253Frielendorf
17%
Main-Kinzig-Kreis4.824Hammersbach
17%
Odenwaldkreis3.466Brombachtal
16%
Gießen12.879Buseck
16%
Kassel7.053Immenhausen
16%
Darmstadt-Dieburg5.096Modautal
16%
Hochtaunuskreis9.487Schmitten
16%
Gießen8.471Staufenberg
16%
Gießen10.048Biebertal
15%
Groß-Gerau6.784Biebesheim am Rhein
15%
Darmstadt-Dieburg6.247Eppertshausen
15%
Waldeck-Frankenberg3.444Haina
15%
Bergstraße2.431Abtsteinach
14%
Bergstraße9.873Birkenau
14%
Lahn-Dill-Kreis5.045Driedorf
14%
Bergstraße4.113Grasellenbach
14%
Wetteraukreis6.706Reichelsheim
14%
Odenwaldkreis8.543Reichelsheim
14%
Darmstadt-Dieburg6.033Bickenbach
13%
Odenwaldkreis7.430Breuberg
13%
Hochtaunuskreis5.317Grävenwiesbach
13%
Bergstraße3.764Groß-Rohrheim
13%
Waldeck-Frankenberg2.940Hatzfeld
13%
Gießen7.819Heuchelheim an der Lahn
13%
Rheingau-Taunus-Kreis6.164Hohenstein
13%
Bergstraße5.105Lindenfels
13%
Bergstraße10.029Mörlenbach
13%
Darmstadt-Dieburg6.404Otzberg
13%
Waldeck-Frankenberg2.165Rosenthal
13%
Hochtaunuskreis9.400Wehrheim
13%
Rheingau-Taunus-Kreis6.260Aarbergen
12%
Marburg-Biedenkopf7.917Bad Endbach
12%
Marburg-Biedenkopf6.690Breidenbach
12%
Lahn-Dill-Kreis9.981Eschenburg
12%
Schwalm-Eder-Kreis2.943Gilserberg
12%
Limburg-Weilburg4.484Löhnberg
12%
Marburg-Biedenkopf5.407Lohra
12%
Main-Kinzig-Kreis11.918Schöneck
12%
Gießen12.578Wettenberg
12%
Bergstraße6.427Einhausen
11%
Gießen5.036Rabenau
11%
Schwalm-Eder-Kreis4.763Willingshausen
11%
Marburg-Biedenkopf3.555Angelburg
10%
Limburg-Weilburg5.711Beselich
10%
Marburg-Biedenkopf8.963Ebsdorfergrund
10%
Wetteraukreis5.781Echzell
10%
Marburg-Biedenkopf4.134Fronhausen
10%
Limburg-Weilburg5.639Mengerskirchen
10%
Main-Kinzig-Kreis3.936Niederdorfelden
10%
Marburg-Biedenkopf3.942Steffenberg
10%
Rheingau-Taunus-Kreis5.140Waldems
10%
Marburg-Biedenkopf2.165Wohratal
10%
Limburg-Weilburg5.706Waldbrunn
9%
Limburg-Weilburg4.322Weinbach
9%
Limburg-Weilburg2.393Elbtal
8%
Limburg-Weilburg3.233Merenberg
8%
Odenwaldkreis4.969Brensbach
6%

Verteilung der Resultate

Perzentil nach korrekt beantworteten Fragen

Anzahl Personen mit jedem Resultat

Ihre Resultats-Entwicklung

Sie haben dieses Quiz seit der letzten Aktualisierung nicht gespielt